00000000nam 2200000za 4500
0019.674592
003CaOODSP
00520250320114631
007cr |||||||||||
008150407|2007||||xxc|||||o    f|0| 0 chi d
020 |a978-0-662-02988-5
040 |aCaOODSP|bfre
043 |an-cn---
0861 |aH21-261/2005Chi2-PDF|zH21-261/2005Ch-PDF
1101 |aCanada. |bSanté Canada.
24513|a[Le système des soins de santé du Canada] |h[ressource électronique].
250 |a[Édition chinois simplifié].
260 |aOttawa - Ontario : |bSanté Canada |c2007.
300 |a28p.|bfigures, graphiques, références, tableaux
500 |aPublié aussi en français sous le titre : Le système des soins de santé du Canada.
546 |aTexte en chinois simplifié.
590 |a12-40-Supp|b2012-10-23
69107|aRégime de soins de santé|2gcpds
77508|tLe système des soins de santé du Canada |w(CaOODSP)9.632322
791 |t[Canada's health care system] |eeng|w(CaOODSP)9.674591
85640|ahttp://publications.gc.ca|qPDF|s6.84 Mo|uhttps://publications.gc.ca/collections/collection_2012/sc-hc/H21-261-2005-chi.pdf